Biblioteca

Historia social del cristianismo primitivo : Los inicios en el judaísmo y las comunidades cristianas en el mundo mediterráneo / Ekkehard W. Stegemann y Wolfgang Stegemann ; Miguel Montes, Traductor (Registro nro. 38495)

Detalles MARC
000 -LÍDER
Campo fijo de descripción fija 007190000a22002050004500
020 ## - NÚMERO INTERNACIONAL NORMALIZADO PARA LIBROS
Número Internacional Normalizado del libro 84-8169-431-2
041 0# - CÓDIGO DE IDIOMA
Código de idioma para texto/pista de sonido o título separado
082 04 - NÚMERO DE CLASIFICACIÓN DECIMAL DEWEY
Número de clasificación G 270.1 S8175h
001 - NÚMERO DE CONTROL
Campo de control 8322
100 1# - ASIENTO PRINCIPAL--NOMBRE PERSONAL
Nombre personal Stegemann, Ekkehard
245 10 - TÍTULO
Título del Material Historia social del cristianismo primitivo : Los inicios en el judaísmo y las comunidades cristianas en el mundo mediterráneo / Ekkehard W. Stegemann y Wolfgang Stegemann ; Miguel Montes, Traductor
260 ## - PUBLICACIÓN, DISTRIBUCIÓN, ETC. (PIE DE IMPRENTA)
Lugar de publicación, distribución, etc. Estella, Navarra : Verbo Divino
300 ## - DESCRIPCIÓN FÍSICA
Extensión 615 Pag
336 ## - CONTENT TYPE
Content type term texto
Content type code txt
Source rdacontent
337 ## - MEDIA TYPE
Source rdamedia
Media type term sin mediación
Media type code n
338 ## - CARRIER TYPE
Source rdacarrier
Carrier type term volumen
Carrier type code nc
500 ## - NOTA GENERAL
Nota General Título original : Urchristliche sozialgeschichte
942 ## - TIPO DE MATERIAL (KOHA)
Tipo de Item KOHA Libros General
Existencias
Estado de Material Estado de Perdido Estado de Dañado No para Préstamo Colección Tomo Biblioteca de Origen Biblioteca Permanente Fecha de Adquisición Total de Préstamos Total de Renovaciones Signatura Topográfica Código de Barras Última vez visto Última vez Préstado Ejemplar/Existencia Fecha de Remplazo Tipo de Material
        Colección General 8 Biblioteca FUSBC Biblioteca FUSBC 13/01/2005 4 1 G 270.1 S8175h 14825 13/10/2022 11/10/2022 1 26/01/2016 Libros General

Biblioteca FUSBC | Teléfono: (57+4) 349 88 10 Ext. 141| WhatsApp (+57) 3005338115 
E-mail: biblioteca@unisbc.edu.co | Calle 76 87-14 Robledo Palenque, Medellín, Colombia

Con tecnología Koha